00487nam a22001577a 450000500170000001000150001702000260003203500140005803700130007208200100008510000280009524500830012326000390020627000630024530000210030820200317164206.0 aENG-128091 c125.00a9788179664902 aEN-111623 bDBAD/PUB a509.2 aMuthukrishnan,Nagarajan aExploring the Scientist within you:cby Nagarajan MuthukrishnanbDiscover Now/ aChennaibEmerald Publihshersc2018 a15A, First Floor, Casa Major Road, EgmorebChennaie600008 a103p.c22cm(pbk)